| 000 | 00000cam 2200000zi 4500 |
| 001 | 9.956233 |
| 003 | CaOODSP |
| 005 | 20251205084908 |
| 006 | m o d f |
| 007 | cr mn||||||||| |
| 008 | 251010t20252025bcca ob f000 0 eng d |
| 020 | |a9780660792989 |
| 040 | |aCaOODSP|beng|erda|cCaOODSP |
| 041 | 0 |aeng|beng|bfre |
| 043 | |an-cn-bc|apn----- |
| 045 | |ax7y2 |
| 086 | 1 |aFs97-6/3726E-PDF |
| 100 | 1 |aTowers, Jared R., |eauthor. |
| 245 | 10|aPhoto-identification catalogue and status of the coastal subset of the west coast transient population of Bigg's killer whale in British Columbia, Canada / |cby Jared R. Towers, Gary J. Sutton, Tasli J.H. Shaw, Danielle S. Conry, Mark Malleson, John Forde and Thomas Doniol-Valcroze. |
| 264 | 1|aNanaimo, BC : |bFisheries and Oceans Canada, Science Branch, Pacific Region, Pacific Biological Station, |c2025. |
| 264 | 4|c©2025 |
| 300 | |a1 online resource (vi, 203 pages) : |billustrations. |
| 336 | |atext|btxt|2rdacontent |
| 337 | |acomputer|bc|2rdamedia |
| 338 | |aonline resource|bcr|2rdacarrier |
| 490 | 1 |aCanadian technical report of fisheries and aquatic sciences, |x1488-5379 ; |v3726 |
| 504 | |aIncludes bibliographical references (pages 9-14). |
| 520 | 3 |a"Bigg's killer whales have been photo-identified in British Columbia for decades. This report uses a 67-year archive of photo-identification data from 1958-2024 to first examine trends in data collection, occurrence and discovery of unique Bigg's killer whales within the province. In total, 945 individuals known from BC, 571 of which were alive in 2024, were photo-identified during 10,390 encounters between California and Alaska. The overall number of encounters and individuals identified each year increased steadily during the study period. Secondly, three criteria including number of years since last documented, total number of encounters and years documented were used to define a subset of individuals in the threatened West Coast Transient population, which due to their preferences for coastal waters is most likely to be impacted by human activities. This coastal subset (CS) included 385 individuals of which 243 were sexually mature in 2024. Third, by including known and assumed deceased kin, growth for the CS was retrospectively calculated at an average annual rate of 1.9% between 2019 and 2024 and 2.9% between 1994 and 2024. Finally, identification images of the left and right sides of dorsal fins, saddle patches and eyepatches for each CS individual alive to date in 2025 are provided along with information on birth years, sex, maternal ancestry and social cohesion"--Abstract, page iv. |
| 546 | |aIncludes abstracts in English and French. |
| 650 | 0|aKiller whale|xPhotographic identification|zBritish Columbia|zPacific Coast. |
| 650 | 0|aWhale populations|zBritish Columbia|zPacific Coast. |
| 650 | 6|aOrque|xPhoto-identification|zColombie-Britannique|zPacifique, Côte du. |
| 650 | 6|aBaleines|xPopulations|zColombie-Britannique|zPacifique, Côte du. |
| 710 | 1 |aCanada. |bDepartment of Fisheries and Oceans, |eissuing body. |
| 710 | 2 |aPacific Biological Station (1972- ), |eissuing body. |
| 830 | #0|aCanadian technical report of fisheries and aquatic sciences ;|v3726.|w(CaOODSP)9.504449 |
| 856 | 40|qPDF|s214.00 MB|uhttps://publications.gc.ca/collections/collection_2025/mpo-dfo/fs97-6/Fs97-6-3726-eng.pdf |